Statistics for The Angry Birds Movie Character Quiz

Click here to take the quiz!

General Stats

  • This quiz has been taken 205 times
  • The average score is 7 of 11

Answer Stats

Actor/ActressDescriptionCharacter% Correct
Jason SudeikisThe red bird with big black eyebrowsRed
100%
Danny McBrideA large, spherical, black bird that can repeatedly blow himself upBomb
97%
Josh GadThe yellow bird that is really fastChuck
97%
Maya RudolphA white bird that tries to be calm, but when mad, can drop bombs out of her buttMatilda
83%
Peter DinklageThe thought-to-be-a-myth bird hero of Bird IslandMighty Eagle
81%
Bill HaderA fat pig with a black beard that invades Bird IslandLeonard
75%
Kate McKinnonA pink bird with long legs that puts objects in bubbles then pops themStella
71%
Sean PennA big, red bird who hardly ever talksTerrence
64%
Tony HaleLeonard's second-in-commandRoss
30%
Keegan-Michael KeyThe judge of Bird IslandJudge Peckinpah
27%
Blake SheltonA pig who wears a cowboy hat and plays the guitarEarl
19%

Score Distribution

Percentile by Number Answered

Percent of People with Each Score

Your Score History

You have not taken this quiz